00349nam a2200133Ia 4500008004100000020001800041041000800059082001900067100002200086245001800108260006700126300000800193365001400201140306s9999 xx 000 0 und d a9780070659841 aeng a658.81bSUG/IN aSugars, Bradely J aInstant Sales aNew DelhibTata Mc Graw -Hill Publishing Company Limitedc2007 a157 bRs. 299/-